000
00291nam a22001337a 4500
008
181025b xxu||||| |||| 00| 0 eng d
020
_a
9781408258248
041
_a
eng
080
_a
321
100
_a
22
101
_a
POL
245
_a
Politics South Africa
_c
Deegan.H
942
_2
udc
_c
BK
999
_c
50938
_d
50938